Možnosti modifikácie polohovacieho prípravku

Na minha lista:
Detalhes bibliográficos
Autor principal: Petráš, Adrián (Author)
Outros Autores: Moravčíková, Jana (Thesis advisor)
Formato: Manuscrito Livro
Idioma:eslovaco
Publicado em: 2023
Assuntos:
Acesso em linha:http://is.stuba.sk/zp/portal_zp.pl?podrobnosti=164011
Tags: Adicionar Tag
Sem tags, seja o primeiro a adicionar uma tag!

MARC

LEADER 00000ntm a22000003a 4500
001 stuzp94717
003 SK-STU
005 20230909222954.7
007 ta
008 150427s2015----xo-----f-mn---000-0-slo-d
040 |a STU  |b slo 
041 0 |a slo 
100 1 |a Petráš, Adrián  |u 063000  |4 aut  |U MTF Materiálovotechnologická fakulta  |T MTF Ústav výrobných technológií  |X 111831  |U M3000  |Y 83  |7 111831 
242 0 1 |a Possibilities of modifying the positioning fixture  |y eng 
245 1 0 |a Možnosti modifikácie polohovacieho prípravku 
260 |c 2023 
650 4 |a prípravky  |2 slo 
650 4 |a modifikácia  |2 slo 
650 4 |a modelovanie  |2 slo 
650 4 |a upínanie  |2 slo 
650 4 |a clamping  |2 eng 
650 4 |a modelling  |2 eng 
650 4 |a fixtures  |2 eng 
650 4 |a modification  |2 eng 
700 1 |a Moravčíková, Jana  |u 063200  |k Z1  |4 ths  |U MTF Ústav výrobných technológií  |T MTF Katedra obrábania a počítačovej podpory technológií  |X 1526  |U M3200  |Y 164  |7 A000001526 
856 4 |u http://is.stuba.sk/zp/portal_zp.pl?podrobnosti=164011 
996 |c M* BP-9657  |l MMSKP  |s P  |a 0  |w stuzp94717_0001